[Event "St Louis Spring Classic B"]
[Site "Saint Louis USA"]
[Date "2017.05.17"]
[Round "2.5"]
[White "Chirila,I"]
[Black "Paikidze,N"]
[Result "1-0"]
[WhiteElo "2536"]
[BlackElo "2372"]

1.c4 Nf6 2.Nc3 g6 3.d4 Bg7 4.Nf3 O-O 5.Bg5 d6 6.e3 Nbd7 7.Be2 e5 8.dxe5 dxe5
9.Qc2 c6 10.O-O Qc7 11.Nd2 a5 12.a3 h6 13.Bh4 Nh7 14.b4 f5 15.f3 axb4 16.axb4
Rxa1 17.Rxa1 Qb6 18.c5 Qxb4 19.Be7 e4 20.Bxf8 Qxc3 21.Qxc3 Bxc3 22.Ra8 Nhxf8
23.Nb3 exf3 24.gxf3 Bb4 25.Rxc8 Bxc5 26.Bc4+ Kg7 27.Nxc5 Nxc5 28.Rc7+ Nfd7
29.Be6 Nxe6 30.Rxd7+ Kf6 31.Rxb7 g5 32.Kf2 c5 33.Rh7 Kg6 34.Rh8 h5 35.h4 f4
36.hxg5 Kxg5 37.e4 Kg6 38.Kg2 Kg5 39.Kf2 Kg6 40.Kg2 Kg5 41.Rh7 Kg6 42.Rd7 Kf6
43.Rd5 h4 44.Kh3 Nd4 45.Kg4 Nb3 46.Kxf4 c4 47.Rd6+ Ke7 48.Rc6 Nd2 49.Ke3 Kd7
50.Rc5 Nf1+ 51.Kf2 Ng3 52.Rxc4 Kd6 53.Rc8 {#r} 1-0

[Event "St Louis Spring Classic B"]
[Site "Saint Louis USA"]
[Date "2017.05.18"]
[Round "3.1"]
[White "Paikidze,N"]
[Black "Abdumalik,Z"]
[Result "0-1"]
[WhiteElo "2372"]
[BlackElo "2420"]

1.Nf3 Nf6 2.g3 g6 3.b3 Bg7 4.Bb2 O-O 5.Bg2 d5 6.c4 Nc6 7.d3 Re8 8.cxd5 Nxd5
9.d4 Ndb4 10.O-O Bf5 11.Na3 Be4 12.e3 a5 13.Nc4 a4 14.Ne1 Bxg2 15.Nxg2 b5
16.Na3 Qd5 17.Qe2 Rab8 18.Nf4 Qd7 19.Rfd1 axb3 20.axb3 Nd5 21.Nd3 Qh3 22.Rac1
Rb6 23.e4 Nf6 24.Nf4 Qd7 25.d5 Nb4 26.Nc2 Nxc2 27.Qxc2 g5 28.Bxf6 gxf4 29.Bxg7
Qh3 30.Qc3 b4 31.Qf3 Kxg7 32.Rxc7 Rh6 33.Qg2 Qh5 34.f3 fxg3 35.hxg3 Ra8 36.Rc2
Ra3 37.Rb2 Rg6 38.g4 Qe5 39.Qd2 Qg3+ 40.Qg2 Qf4 41.Kf2 Qe5 42.Kf1 h5 43.Rf2
Ra1 44.Rd2 hxg4 45.fxg4 Rxd1+ 46.Rxd1 Qf4+ 47.Qf2 Qxg4 48.Qd4+ Rf6+ 49.Ke1 Qg2
50.d6 e5 {#R} 0-1

[Event "St Louis Spring Classic B"]
[Site "Saint Louis USA"]
[Date "2017.05.18"]
[Round "3.2"]
[White "Belous,V"]
[Black "Chirila,I"]
[Result "0-1"]
[WhiteElo "2587"]
[BlackElo "2536"]

1.d4 Nf6 2.c4 g6 3.Nf3 Bg7 4.Nc3 d5 5.Bf4 O-O 6.e3 c5 7.dxc5 Ne4 8.Rc1 Nd7
9.cxd5 Qa5 10.Nd2 Nxc3 11.bxc3 Nxc5 12.e4 Bxc3 13.f3 Bd7 14.Kf2 f5 15.e5 Ne4+
16.fxe4 fxe4 17.Nc4 Rxf4+ 18.Kg3 Qc5 19.h3 Qf2+ 20.Kh2 Rf3 {#R} 0-1

[Event "St Louis Spring Classic B"]
[Site "Saint Louis USA"]
[Date "2017.05.18"]
[Round "3.4"]
[White "Gelashvili,T"]
[Black "Fier,A"]
[Result "0-1"]
[WhiteElo "2563"]
[BlackElo "2569"]

1.Nf3 Nf6 2.e3 c5 3.d4 g6 4.dxc5 Qa5+ 5.c3 Qxc5 6.b4 Qc7 7.Bb2 Bg7 8.c4 a5
9.b5 O-O 10.Nc3 d6 11.Rc1 Nbd7 12.Nd5 Nxd5 13.cxd5 Qb6 14.Bxg7 Kxg7 15.Qd4+
Qxd4 16.Nxd4 Nc5 17.f3 Bd7 18.Kd2 f5 19.g3 Rfc8 20.Bg2 a4 21.Rc3 Kf6 22.Rhc1
a3 23.f4 Ra4 24.Rb1 Rca8 25.b6 R4a6 26.Rb4 Ra4 27.Rb1 R4a6 28.Bf3 h6 29.Rb4
Ra4 30.Rb1 R4a6 31.Rb4 Ra4 32.Rb1 g5 33.Nc6 Be8 34.Nb4 Bf7 35.Nd3 Ne4+ 36.Bxe4
fxe4 37.fxg5+ hxg5 38.Nb4 R8a5 39.Rc7 Rb5 40.Rf1+ Kg6 41.Rxe7 Raxb4 42.Rfxf7
Rb2+ 43.Kc1 Rb1+ 44.Kc2 R5b2+ {#R} 0-1

[Event "St Louis Spring Classic B"]
[Site "Saint Louis USA"]
[Date "2017.05.18"]
[Round "3.5"]
[White "Liang,Awonder"]
[Black "Ali Marandi,C"]
[Result "1-0"]
[WhiteElo "2488"]
[BlackElo "2479"]

1.e4 e6 2.d4 d5 3.Nd2 Nc6 4.Ngf3 Nf6 5.e5 Nd7 6.c3 f6 7.Bb5 fxe5 8.dxe5 Be7
9.Nd4 Nxd4 10.cxd4 O-O 11.Qg4 c5 12.Qxe6+ Kh8 13.Qxd5 cxd4 14.O-O Qc7 15.Nf3
a6 16.Be2 Bc5 17.Qe4 Qc6 18.Bd3 Qxe4 19.Bxe4 Ba7 20.Bg5 Re8 21.Bf4 Nc5 22.Bb1
Ne6 23.Bd2 Bd7 24.Be4 Nc5 25.Bd5 Be6 26.Bxe6 Nxe6 27.Rfd1 Rac8 28.Rac1 Kg8
29.Kf1 h6 30.Rxc8 Rxc8 31.Rc1 Rd8 32.Ne1 d3 33.Rd1 Rd5 34.Bc3 Nc5 35.f4 g5
36.g3 gxf4 37.gxf4 Ne6 38.Ng2 Ng7 39.Ke1 Nf5 40.Kd2 Nd4 41.Kxd3 Nf3+ 42.Kc2
Rxd1 43.Kxd1 Nxh2 44.Ke2 h5 45.f5 Bc5 46.e6 Ng4 47.f6 b5 48.Nf4 b4 49.f7+ Kh7
50.Bd4 Bd6 51.Nd3 Nh6 52.Bc5 Bxc5 53.Nxc5 Kg7 54.Nd7 Nxf7 55.exf7 Kxf7 56.Nb8
{#r} 1-0

[Event "St Louis Spring Classic B"]
[Site "Saint Louis USA"]
[Date "2017.05.19"]
[Round "4.1"]
[White "Abdumalik,Z"]
[Black "Ali Marandi,C"]
[Result "0-1"]
[WhiteElo "2420"]
[BlackElo "2479"]

1.e4 e5 2.Nf3 Nc6 3.Bb5 a6 4.Ba4 g6 5.c3 d6 6.d4 Bd7 7.d5 Nce7 8.Bc2 Bg7 9.c4
h6 10.Nc3 f5 11.exf5 gxf5 12.Nh4 Nf6 13.f4 e4 14.Be3 O-O 15.O-O b5 16.b3 bxc4
17.bxc4 c5 18.h3 Nh7 19.Qe1 Bf6 20.Rc1 Kh8 21.Kh1 Rg8 22.Rg1 Rb8 23.Bb3 Qe8
24.g3 Qf7 25.Kh2 Rg7 26.Ng2 Ng5 27.fxg5 hxg5 28.Ne2 Ng6 29.Nef4 Ne5 30.Bd1 Rb2
31.Kh1 Nf3 32.Bxf3 exf3 33.Ne6 Bxe6 34.dxe6 Qh5 35.Nh4 gxh4 36.gxh4 f2 {#R}
0-1

[Event "St Louis Spring Classic B"]
[Site "Saint Louis USA"]
[Date "2017.05.19"]
[Round "4.2"]
[White "Fier,A"]
[Black "Liang,Awonder"]
[Result "0-1"]
[WhiteElo "2569"]
[BlackElo "2488"]

1.d4 Nf6 2.c4 g6 3.f3 e6 4.e4 c5 5.d5 d6 6.Nc3 Bg7 7.Bg5 exd5 8.cxd5 O-O 9.Qd2
a6 10.a4 Nbd7 11.Nh3 Qa5 12.Nd1 Qxd2+ 13.Bxd2 Ne5 14.Nhf2 Bd7 15.a5 Bb5 16.Ne3
Nh5 17.Rc1 f5 18.exf5 gxf5 19.b3 Nf4 20.Kd1 Rae8 21.Kc2 Bxf1 22.Rcxf1 Ne2
23.Rb1 Nd4+ 24.Kd1 Bf6 25.f4 Ng6 26.g3 Ne7 27.b4 Nb5 28.Rc1 Bd4 29.bxc5 dxc5
30.Nd3 Rd8 31.Kc2 Nxd5 32.Nc4 Nf6 33.h3 Ne4 34.g4 Bg7 35.Be3 Nd4+ 36.Kb1 Nb3
37.Rcd1 Nc3+ 38.Kc2 Nxd1 39.Rxd1 Nd4+ 40.Kb1 Nb5 41.Kc2 Bd4 42.gxf5 Bxe3
43.Nxe3 Nd4+ 44.Kc3 Nxf5 45.Rg1+ Kh8 46.Nc4 Nd4 47.Re1 Nb5+ 48.Kc2 Rd4 49.Nce5
c4 50.Nc5 Rfxf4 51.Ng4 Rd8 52.Re7 Rfd4 53.Ne4 R4d7 54.Re5 c3 55.Ngf6 Rc7
56.Nc5 Nd4+ 57.Kxc3 Ne6 58.Ne4 Nxc5 59.Nxc5 Kg7 60.Kb3 Kf6 61.Rh5 Kg6 62.Re5
Rd6 63.h4 b6 64.Rg5+ Kf7 65.Rf5+ Kg8 66.Ne4 Rd3+ 67.Kb2 bxa5 68.Rxa5 Rd4
69.Nf6+ Kf8 70.h5 Ra7 71.Rf5 Kg7 72.Kc3 Rh4 73.Nd5 Rf7 74.Re5 Rf3+ 75.Kd2 Rh2+
76.Ke1 Ra3 {#R} 0-1

[Event "St Louis Spring Classic B"]
[Site "Saint Louis USA"]
[Date "2017.05.19"]
[Round "4.4"]
[White "Chirila,I"]
[Black "Chandra,Akshat"]
[Result "1-0"]
[WhiteElo "2536"]
[BlackElo "2495"]

1.c4 e5 2.g3 Nc6 3.Bg2 Bc5 4.Nc3 a6 5.e3 d6 6.Nf3 Ba7 7.d4 Nf6 8.dxe5 Nxe5
9.Nxe5 dxe5 10.Qxd8+ Kxd8 11.b3 c6 12.Ba3 Kc7 13.Rd1 Rd8 14.Rxd8 Kxd8 15.h3
Kc7 16.g4 h6 17.Bf8 Ne8 18.Ke2 Be6 19.Be4 Rd8 20.Bf5 Bxf5 21.gxf5 Nd6 22.Bxd6+
Rxd6 23.Rg1 g5 24.Ne4 Rd8 25.Kf3 b5 26.c5 Rd5 27.Rc1 Kd8 28.Kg4 Ke7 29.Kh5 Rd8
30.Kxh6 Rh8+ 31.Kg7 Rxh3 32.Rd1 {#r} 1-0

[Event "St Louis Spring Classic B"]
[Site "Saint Louis USA"]
[Date "2017.05.19"]
[Round "4.5"]
[White "Paikidze,N"]
[Black "Belous,V"]
[Result "0-1"]
[WhiteElo "2372"]
[BlackElo "2587"]

1.d4 d5 2.c4 e6 3.Nc3 Nf6 4.cxd5 exd5 5.Bg5 Nbd7 6.e3 c6 7.Bd3 Bd6 8.Nge2 Nf8
9.Qc2 Ng6 10.O-O-O h6 11.Bxg6 hxg5 12.Bd3 Be6 13.h4 gxh4 14.Nf4 Bd7 15.Bf5
Bxf5 16.Qxf5 Qd7 17.Qc2 Bxf4 18.exf4 O-O-O 19.Qd3 Rde8 20.Rde1 Rxe1+ 21.Rxe1
Qg4 22.g3 h3 23.Qd1 h2 24.Rh1 g5 25.Qxg4+ Nxg4 26.Nd1 gxf4 27.gxf4 Rh3 28.Kd2
Rf3 29.Ke2 Rxf4 30.f3 Nh6 31.Rxh2 Nf5 32.Nf2 Nxd4+ 33.Ke3 Rh4 34.Rg2 Nf5+
35.Ke2 Rc4 36.Rg8+ Kd7 37.Kd2 Rh4 38.Ng4 Nd6 39.b3 Rh1 40.Ke3 Ra1 41.Ne5+ Ke6
{#R} 0-1

[Event "St Louis Spring Classic B"]
[Site "Saint Louis USA"]
[Date "2017.05.20"]
[Round "5.1"]
[White "Belous,V"]
[Black "Abdumalik,Z"]
[Result "1-0"]
[WhiteElo "2587"]
[BlackElo "2420"]

1.Nf3 Nf6 2.c4 c5 3.Nc3 d5 4.cxd5 Nxd5 5.g3 Nc6 6.Bg2 g6 7.Qa4 Bg7 8.Ng5 e6
9.Nge4 Bf8 10.d3 Be7 11.Bh6 Nb6 12.Qd1 Nd4 13.O-O Nf5 14.Qc1 f6 15.Be3 Nd4
16.b4 cxb4 17.Bxd4 bxc3 18.Bxc3 Na4 19.Bd2 Bd7 20.Bh6 Kf7 21.Qf4 Nb6 22.Rfc1
Qb8 23.Qf3 Nd5 24.Ng5+ Ke8 25.e4 Nf4 26.gxf4 fxg5 27.Bxg5 Bxg5 28.fxg5 Rf8
29.Qg3 e5 30.Rc5 Rf4 31.Rac1 b6 32.Rc7 Qd8 33.Bh3 Bxh3 34.Qxh3 Qxg5+ 35.Kh1
Qg4 36.Qxg4 Rxg4 37.Rxh7 Rf4 38.Kg2 Rf7 39.Rh8+ Rf8 40.Rxf8+ Kxf8 41.Rc7 Rd8
42.Rxa7 Rxd3 43.Rb7 Rd4 44.Rxb6 Rxe4 45.Ra6 Kg7 46.a4 Rf4 47.Ra7+ Kh6 48.Ra8
Kg7 49.a5 Ra4 50.a6 Ra3 51.f3 Kh7 52.a7 Kg7 53.Kf2 Kh7 54.Ke2 Kg7 55.Kd2 Kh7
56.Kc2 Kg7 57.Kb2 Ra6 58.Kb3 Kh7 59.Kb4 Kg7 60.Kb5 Ra2 61.Kb6 Rb2+ 62.Kc6 Ra2
63.Kd6 Ra5 64.Ke6 Kh7 65.Kf6 Ra6+ 66.Kxe5 Kg7 67.Kf4 Ra4+ 68.Kg3 Kh7 69.h4 Kg7
70.f4 Ra3+ 71.Kg4 Ra5 72.h5 gxh5+ 73.Kh4 Kh7 74.f5 Ra4+ 75.Kxh5 Ra5 76.Kg4
Ra4+ 77.Kf3 Ra3+ 78.Ke4 Ra4+ 79.Kd3 Ra3+ 80.Kc4 Ra4+ 81.Kb3 Ra6 82.Kb4 Rb6+
83.Ka5 {#r} 1-0

[Event "St Louis Spring Classic B"]
[Site "Saint Louis USA"]
[Date "2017.05.20"]
[Round "5.2"]
[White "Chandra,Akshat"]
[Black "Paikidze,N"]
[Result "1-0"]
[WhiteElo "2495"]
[BlackElo "2372"]

1.e4 c6 2.Nc3 d5 3.Nf3 Bg4 4.h3 Bxf3 5.Qxf3 e6 6.d3 Nd7 7.Bd2 Ngf6 8.g4 h6
9.O-O-O Qb6 10.h4 Ne5 11.Qe2 d4 12.Nb1 c5 13.f4 Nc6 14.Bh3 Nd7 15.Na3 Qa6
16.Kb1 b5 17.g5 c4 18.dxc4 Bxa3 19.cxb5 Qb6 20.gxh6 gxh6 21.Qc4 Nc5 22.bxa3
Rb8 23.Bf1 Nxe4 24.Kc1 Ne7 25.Bb4 Rg8 26.Be2 Nf2 27.Bc5 Qb7 28.Rhf1 Nxd1
29.Rxd1 Rc8 30.Qxd4 Qc7 31.Bf3 f5 32.Qf6 Qxf4+ 33.Kb1 Rxc5 34.Bh5+ Ng6 35.Rd8#
1-0

[Event "St Louis Spring Classic B"]
[Site "Saint Louis USA"]
[Date "2017.05.20"]
[Round "5.3"]
[White "Gelashvili,T"]
[Black "Chirila,I"]
[Result "0-1"]
[WhiteElo "2563"]
[BlackElo "2536"]

1.e4 e5 2.Nf3 Nc6 3.d4 exd4 4.Nxd4 Nf6 5.Nxc6 bxc6 6.Bd3 d5 7.Qe2 Bb4+ 8.Bd2
Qe7 9.exd5 Bxd2+ 10.Nxd2 cxd5 11.O-O-O Qxe2 12.Bxe2 Be6 13.Nb3 Ke7 14.Rhe1 Kd6
15.c4 c6 16.c5+ Kc7 17.Bd3 Nd7 18.Rd2 Rhb8 19.Bxh7 a5 20.Bg6 Rh8 21.Nd4 Rxh2
22.f3 Rh6 23.Bf5 Nxc5 24.Rc2 Kd6 25.Kb1 Rh4 26.g4 g6 27.Bxe6 Nxe6 28.Nxc6 Rc8
29.Ne5 Rxc2 30.Kxc2 Rh2+ 31.Kc3 f6 32.Nd3 g5 33.a4 d4+ 34.Kc4 Rc2+ 35.Kb5 Nc5
36.Nxc5 Rxb2+ 37.Kxa5 Kxc5 {#R} 0-1

[Event "St Louis Spring Classic B"]
[Site "Saint Louis USA"]
[Date "2017.05.20"]
[Round "5.4"]
[White "Liang,Awonder"]
[Black "Lenderman,A"]
[Result "1-0"]
[WhiteElo "2488"]
[BlackElo "2587"]

1.e4 c6 2.Nc3 d5 3.Nf3 Bg4 4.h3 Bxf3 5.Qxf3 e6 6.d4 Nf6 7.Bd3 dxe4 8.Nxe4 Qxd4
9.O-O Nxe4 10.Bxe4 Nd7 11.Bf4 Rc8 12.Rad1 Qf6 13.Rfe1 Nc5 14.Qg3 Qxb2 15.Bf5
Qxa2 16.Bd6 Qa5 17.Bxc5 Qxc5 18.Bxe6 fxe6 19.Rxe6+ Be7 20.Rde1 O-O 21.Rxe7 Rf7
22.Rxf7 Kxf7 23.Qb3+ Kf8 24.Qe6 Rd8 25.Re5 Rd1+ 26.Kh2 Qd6 27.Qe8# 1-0

[Event "St Louis Spring Classic B"]
[Site "Saint Louis USA"]
[Date "2017.05.20"]
[Round "5.5"]
[White "Ali Marandi,C"]
[Black "Fier,A"]
[Result "0-1"]
[WhiteElo "2479"]
[BlackElo "2569"]

1.d4 Nf6 2.Bg5 d5 3.Bxf6 gxf6 4.e3 c5 5.dxc5 e6 6.Nf3 Bxc5 7.c4 dxc4 8.Nbd2 c3
9.bxc3 Nc6 10.Bb5 Be7 11.Nd4 Qc7 12.Qh5 a6 13.Nxc6 axb5 14.Nxe7 Kxe7 15.O-O
Bd7 16.Rfd1 Qe5 17.Qxe5 fxe5 18.c4 Ra3 19.cxb5 Bxb5 20.Rab1 Ba6 21.Nf3 Kf6
22.h4 h6 23.Rd7 Rxa2 24.Nd2 Ra4 25.f3 Rxh4 26.Ne4+ Kg6 27.g3 Rxe4 28.fxe4 Rc8
29.Rb2 Rc3 30.Rf2 f6 31.Rd8 Bd3 32.Rf8 f5 33.exf5+ exf5 34.g4 Rc1+ 35.Kh2 fxg4
36.Kg3 Kg5 37.Re8 Rc5 38.Rg8+ Bg6 39.e4 Rc3+ 40.Kg2 Kh5 41.Re2 b5 42.Rg7 b4
43.Re7 b3 44.Rxe5+ Kh4 45.Rb5 h5 46.Rb4 Bf7 47.Rf2 Bc4 48.e5 Bd5+ 49.Kg1 Kg3
50.e6 Re3 51.Rb6 h4 52.e7 Rxe7 {#R} 0-1

[Event "St Louis Spring Classic B"]
[Site "Saint Louis USA"]
[Date "2017.05.21"]
[Round "6.1"]
[White "Abdumalik,Z"]
[Black "Fier,A"]
[Result "0-1"]
[WhiteElo "2420"]
[BlackElo "2569"]

1.e4 c5 2.Nf3 e6 3.d4 cxd4 4.Nxd4 Nc6 5.Nc3 Qc7 6.Be3 a6 7.Qf3 Ne5 8.Qg3 h5
9.f4 Nc4 10.Bxc4 Qxc4 11.O-O-O h4 12.Qh3 b5 13.Kb1 Bb7 14.Rhe1 Rc8 15.Nb3 b4
16.Na4 Bxe4 17.Nb6 Qxc2+ 18.Ka1 Bxg2 19.Qg4 Nf6 20.Qe2 Qxe2 21.Rxe2 Bf3
22.Nxc8 Bxe2 23.Nd6+ Bxd6 24.Rxd6 Nd5 25.Bc5 Rh5 26.Nd4 Bd3 27.a3 a5 28.Ka2
Bc4+ 29.Kb1 Nxf4 30.axb4 Nd3 31.b3 Nxc5 32.bxc4 axb4 {#R} 0-1

[Event "St Louis Spring Classic B"]
[Site "Saint Louis USA"]
[Date "2017.05.21"]
[Round "6.4"]
[White "Paikidze,N"]
[Black "Gelashvili,T"]
[Result "0-1"]
[WhiteElo "2372"]
[BlackElo "2563"]

1.d4 f5 2.g3 Nf6 3.Bg2 g6 4.Nf3 Bg7 5.O-O O-O 6.b3 d6 7.Bb2 Qe8 8.c4 Na6 9.Nc3
e5 10.dxe5 dxe5 11.e4 c6 12.exf5 Bxf5 13.Qe2 Nb4 14.Ne1 e4 15.h3 h5 16.Rd1 Qe6
17.a3 Na6 18.Kh2 Nc5 19.Qe3 Nxb3 20.Nxe4 Nxe4 21.Bxg7 Kxg7 22.Qxb3 Nc5 23.Qc3+
Qf6 24.Qe3 b6 25.Qd4 Rad8 26.Qxf6+ Kxf6 27.Rxd8 Rxd8 28.Bxc6 Rd1 29.Bg2 Ra1
30.Nf3 Rxa3 31.Nd4 Bd3 32.Rc1 Ra2 33.Kg1 Rb2 34.Nb5 a6 35.Nc7 a5 36.Re1 Bxc4
37.Ne8+ Kg5 38.h4+ Kh6 39.Bf3 Rd2 40.Bc6 Re2 41.Rc1 Bb3 42.Rc3 Re6 43.Bb5 a4
44.Rc1 a3 45.f3 a2 46.g4 hxg4 47.fxg4 g5 48.h5 Re4 49.Kf2 Rxe8 {#R} 0-1

[Event "St Louis Spring Classic C"]
[Site "Saint Louis USA"]
[Date "2017.05.17"]
[Round "2.3"]
[White "Sevian,Samuel"]
[Black "Ramirez,Alej"]
[Result "1-0"]
[WhiteElo "2585"]
[BlackElo "2550"]

1.e4 c5 2.Nf3 e6 3.d4 cxd4 4.Nxd4 Nc6 5.Nc3 Qc7 6.Be2 a6 7.O-O Nf6 8.Be3 Be7
9.f4 d6 10.Qe1 O-O 11.Qg3 Nxd4 12.Bxd4 b5 13.a3 Bb7 14.Bd3 Rad8 15.Rae1 e5
16.fxe5 dxe5 17.Bxe5 Qc5+ 18.Kh1 Nh5 19.Qe3 Qxe5 20.Rf5 Qd4 21.Qxd4 Rxd4
22.Rxh5 g6 23.Rh3 Re8 24.Rf1 Bf8 25.Rxh7 Kxh7 26.Rxf7+ Bg7 27.Rxb7 Rd6 28.g3
Kh8 29.Nd5 Bxb2 30.a4 Bd4 31.axb5 axb5 32.Rxb5 g5 33.Rb4 Ba7 34.Rb7 Bd4 35.Rf7
Ra8 36.Kg2 Ra1 37.Kh3 Rh6+ 38.Kg4 Rxh2 39.Ne7 Rh7 40.Rf8+ Kg7 41.Rd8 Bc5
42.Nf5+ Kf6 43.Bc4 Re1 44.Bd5 {#r} 1-0

[Event "St Louis Spring Classic C"]
[Site "Saint Louis USA"]
[Date "2017.05.17"]
[Round "3.1"]
[White "Ramirez,Alej"]
[Black "Nyzhnyk,I"]
[Result "0-1"]
[WhiteElo "2550"]
[BlackElo "2610"]
[EventType "tourn"]

1.e4 e6 2.d4 d5 3.exd5 exd5 4.Nf3 Bd6 5.c4 dxc4 6.Bxc4 Nf6 7.O-O O-O 8.Nc3 Nc6
9.Bg5 h6 10.Bh4 Bg4 11.h3 Bxf3 12.Qxf3 Nxd4 13.Qxb7 Nf5 14.Bxf6 Qxf6 15.Ne4
Qe5 16.Nxd6 Nxd6 17.Qc6 Qxb2 18.Rab1 Qd2 19.Bd5 Rae8 20.Rfd1 Qa5 21.Rbc1 Re7
22.Qc5 Qb6 23.a4 Rfe8 24.Kh2 Ne4 25.Bxe4 Rxe4 26.a5 Qxc5 27.Rxc5 R4e5 28.Rxc7
Rxa5 29.Rdd7 Rf5 30.Rxa7 Re2 31.Re7 Rexf2 32.Re8+ Kh7 33.Re3 g5 34.Kg3 h5
35.Rf3 R2xf3+ 36.gxf3 h4+ 37.Kg2 Rf4 38.Ra6 f6 39.Ra5 Kg6 40.Rb5 Rd4 41.Ra5
Rd2+ 42.Kg1 Re2 43.Rb5 Kf7 44.Rb4 Re3 45.Kg2 Kg6 46.f4 Rg3+ 47.Kh2 g4 48.hxg4
Rxg4 49.Kh3 f5 50.Rb8 Rxf4 51.Rg8+ Kf6 52.Re8 Re4 53.Ra8 Rg4 54.Rf8+ Kg5
55.Rg8+ Kf4 56.Ra8 Rg1 57.Ra4+ Kg5 58.Ra3 Re1 59.Rb3 Re5 60.Ra3 f4 61.Ra8 f3
62.Ra4 Re1 63.Ra5+ Kf4 64.Ra4+ Ke3 65.Ra3+ Kf2 66.Rb3 Ke2 67.Rb2+ Kf1 68.Kh2
f2 69.Rb8 Ke2 {#R} 0-1

[Event "St Louis Spring Classic C"]
[Site "Saint Louis USA"]
[Date "2017.05.17"]
[Round "3.2"]
[White "Stukopin,A"]
[Black "Sevian,Samuel"]
[Result "0-1"]
[WhiteElo "2586"]
[BlackElo "2585"]
[EventType "tourn"]

1.Nf3 d5 2.g3 Bg4 3.Bg2 Nf6 4.c4 c6 5.O-O e6 6.cxd5 exd5 7.d3 Nbd7 8.Qc2 Bd6
9.e4 O-O 10.Nc3 Re8 11.h3 Bxf3 12.Bxf3 dxe4 13.dxe4 Bb4 14.Rd1 Qa5 15.Bd2 Nc5
16.Bg2 Ne6 17.a3 Bf8 18.Nd5 Qd8 19.Nxf6+ Qxf6 20.Bc3 Qg6 21.Rac1 Rad8 22.Kh2
Bc5 23.b4 Bd4 24.f4 Bxc3 25.Qxc3 Qh5 26.Rxd8 Rxd8 27.Qe3 Nd4 28.g4 Qb5 29.Rd1
Qc4 30.e5 b6 31.f5 c5 32.bxc5 bxc5 33.Rb1 Ne2 34.Rb7 Nf4 35.Qe4 Qd4 36.Qxd4
cxd4 37.Bf3 g5 38.Rxa7 d3 39.Kg3 d2 40.f6 h5 41.Bd1 h4+ 42.Kf3 Nxh3 43.a4 Nf4
44.a5 Rd3+ 45.Kf2 h3 46.Kg1 Rg3+ 47.Kf2 h2 48.Ra8+ Kh7 49.Kxg3 h1=Q 50.Bc2+
Ng6 51.Rd8 Qe1+ 52.Kf3 Kh6 {#R} 0-1

[Event "St Louis Spring Classic C"]
[Site "Saint Louis USA"]
[Date "2017.05.18"]
[Round "4.1"]
[White "Stukopin,A"]
[Black "Nyzhnyk,I"]
[Result "0-1"]
[WhiteElo "2586"]
[BlackElo "2610"]

1.e4 c6 2.d4 d5 3.e5 Bf5 4.Nd2 e6 5.Nb3 Nd7 6.Nf3 Ne7 7.Be2 h6 8.O-O Bh7 9.a4
Nf5 10.a5 a6 11.c4 dxc4 12.Bxc4 Ne7 13.Qe2 Nd5 14.Nfd2 Nb4 15.Ne4 b5 16.axb6
Nxb6 17.f3 Nxc4 18.Qxc4 Qd5 19.Qc3 Qb5 20.Ra5 Qb6 21.Bd2 Be7 22.Rfa1 O-O
23.Qc4 Rab8 24.Nbc5 Rfd8 25.Bc3 Bxe4 26.fxe4 Nc2 27.Nxe6 fxe6 28.Qxe6+ Kh7
29.Qxe7 Nxa1 30.Rxa1 Rxd4 31.Bxd4 Qxd4+ 32.Kh1 Rxb2 33.Qa3 Re2 34.h3 Qxe4
35.Qf3 Re1+ 36.Rxe1 Qxe1+ 37.Kh2 Qxe5+ 38.Kg1 Qd5 39.Qf1 a5 40.Qb1+ Kg8
41.Qb8+ Kf7 42.Qc7+ Kg6 43.Qg3+ Kh7 44.Qc3 Kg8 45.Qa3 Qd4+ 46.Kh1 a4 47.Qa2+
Kh8 48.Qf7 Qd3 {#R} 0-1

[Event "St Louis Spring Classic C"]
[Site "Saint Louis USA"]
[Date "2017.05.19"]
[Round "5.1"]
[White "Nyzhnyk,I"]
[Black "Li,Ruifeng"]
[Result "1-0"]
[WhiteElo "2610"]
[BlackElo "2574"]

1.c4 e5 2.Nc3 Nc6 3.Nf3 g6 4.d4 exd4 5.Nxd4 Bg7 6.Nxc6 bxc6 7.e4 Ne7 8.Be3 O-O
9.Bd4 d6 10.Bxg7 Kxg7 11.Qd4+ f6 12.c5 Be6 13.O-O-O d5 14.Bd3 dxe4 15.Bxe4
Qxd4 16.Rxd4 f5 17.Bf3 Kf6 18.Rhd1 Rfb8 19.b3 a5 20.Kb2 h5 21.g3 Ra7 22.Rd8
Raa8 23.Rxb8 Rxb8 24.Rd4 Bd5 25.Bxd5 Rd8 26.Ra4 Nxd5 27.a3 Nxc3 28.Kxc3 Rd1
29.Rxa5 Ke6 30.Ra7 Kd7 31.Ra4 Rc1+ 32.Kd2 Rxc5 33.Rd4+ Kc8 34.f4 Ra5 35.a4 Kb7
36.Rd8 Ra6 37.Kd3 c5 38.Rd5 Rb6 39.Kc4 Rb4+ 40.Kc3 Kc6 41.Re5 Kd6 42.Re8 Rb6
43.Ra8 Kd5 44.a5 Re6 45.a6 Re3+ 46.Kd2 Rxb3 47.a7 {#r} 1-0

[Event "St Louis Spring Classic C"]
[Site "Saint Louis USA"]
[Date "2017.05.19"]
[Round "5.2"]
[White "Sevian,Samuel"]
[Black "Shimanov,A"]
[Result "1-0"]
[WhiteElo "2585"]
[BlackElo "2642"]

1.e4 c6 2.d4 d5 3.e5 Bf5 4.h4 Qc7 5.Nc3 h6 6.g4 Bh7 7.e6 fxe6 8.f4 e5 9.fxe5
e6 10.Bd3 Bxd3 11.Qxd3 Na6 12.a3 c5 13.Be3 O-O-O 14.Nge2 c4 15.Qd2 Qd7 16.Nf4
Ne7 17.a4 Kb8 18.Nb5 Rg8 19.h5 Nc7 20.Qa5 Na6 21.Qd2 Nc7 22.Rf1 Rc8 23.Nd6 Rd8
24.Nf7 Re8 25.Nd6 Rd8 26.Nf7 Rc8 27.Ng6 Nc6 28.g5 hxg5 29.Bxg5 Na6 30.Rf2 Nxd4
31.Qxd4 Bc5 32.Qf4 Bxf2+ 33.Kxf2 Nb4 34.Rc1 Qxa4 35.Ne7 Rcf8 36.Kg2 Na2 37.Rf1
Qxc2+ 38.Rf2 Qh7 39.Nxg8 Qxg8 40.Be7 Re8 41.Qg5 {#r} 1-0

[Event "St Louis Spring Classic C"]
[Site "Saint Louis USA"]
[Date "2017.05.19"]
[Round "5.3"]
[White "Ramirez,Alej"]
[Black "Stukopin,A"]
[Result "0-1"]
[WhiteElo "2550"]
[BlackElo "2586"]

1.c4 c5 2.g3 Nc6 3.Bg2 g6 4.Nc3 Bg7 5.a3 Nf6 6.Rb1 a5 7.d3 O-O 8.Bd2 b6 9.b4
axb4 10.axb4 cxb4 11.Nd5 Nxd5 12.cxd5 Nd4 13.Nf3 Nb5 14.Bxb4 Nc3 15.Bxc3 Bxc3+
16.Nd2 b5 17.O-O b4 18.Ne4 Ra3 19.d6 exd6 20.Qc1 Qa5 21.Qh6 Qe5 22.Ng5 Qg7
23.Qh4 b3 24.Bd5 b2 25.Qf4 Ra5 26.e4 h6 27.Nf3 Ba6 28.Rfd1 Bb5 29.Bb3 Ra1
30.Qe3 Rc8 31.d4 Ra3 32.Bc2 Bb4 33.Bd3 Bxd3 34.Rxd3 Rc1+ {#R} 0-1

[Event "St Louis Spring Classic C"]
[Site "Saint Louis USA"]
[Date "2017.05.20"]
[Round "6.1"]
[White "Nyzhnyk,I"]
[Black "Sevian,Samuel"]
[Result "0-1"]
[WhiteElo "2610"]
[BlackElo "2585"]

1.Nf3 d5 2.e3 Nf6 3.c4 e6 4.b3 Be7 5.Bb2 O-O 6.Be2 b6 7.cxd5 exd5 8.O-O Bb7
9.d4 Nbd7 10.Nc3 c6 11.Qc2 Re8 12.Bd3 Bd6 13.Rfe1 Rc8 14.Rac1 g6 15.Qb1 Bf8
16.h3 a5 17.Nd2 Bg7 18.Ba3 Nf8 19.b4 axb4 20.Bxb4 Ne6 21.Nf3 Ra8 22.a4 c5
23.Ba3 Bc6 24.dxc5 bxc5 25.Bb5 Bxb5 26.Qxb5 d4 27.exd4 cxd4 28.Ne2 Qd7 29.Qxd7
Nxd7 30.Rcd1 Nb6 31.Bb2 d3 32.Bxg7 dxe2 33.Rb1 Nxa4 34.Ba1 Nf4 35.Ne5 Nc5
36.g3 Nxh3+ 37.Kg2 Rxa1 38.Rxa1 Rxe5 39.f4 Re3 40.Kxh3 Nd3 {#R} 0-1

[Event "St Louis Spring Classic C"]
[Site "Saint Louis USA"]
[Date "2017.05.20"]
[Round "6.2"]
[White "Li,Ruifeng"]
[Black "Ramirez,Alej"]
[Result "0-1"]
[WhiteElo "2574"]
[BlackElo "2550"]

1.e4 c5 2.Nf3 e6 3.d4 cxd4 4.Nxd4 Nc6 5.Nc3 Qc7 6.Be3 a6 7.a3 b5 8.Nxc6 Qxc6
9.Be2 Bb7 10.O-O Rc8 11.f4 Bc5 12.Bxc5 Qxc5+ 13.Kh1 d6 14.Bf3 Nf6 15.Qe1 e5
16.Rd1 O-O 17.f5 b4 18.Nd5 Bxd5 19.axb4 Qxc2 20.Rf2 Qb3 21.exd5 e4 22.Be2 Rc2
23.Rc1 e3 24.Rf3 Re8 25.Rxc2 Qxc2 26.Kg1 Nxd5 27.Bxa6 Qxb2 28.Bc4 Qd2 29.Rf1
Nc3 30.f6 Qxe1 31.Rxe1 d5 32.Ba6 d4 33.fxg7 Rb8 34.g4 Rxb4 35.Kg2 Rb2+ 36.Kg3
Rf2 37.Bd3 Kxg7 38.Ra1 Rd2 39.Bc4 e2 40.Re1 d3 {#R} 0-1

[Event "St Louis Spring Classic C"]
[Site "Saint Louis USA"]
[Date "2017.05.20"]
[Round "6.3"]
[White "Shimanov,A"]
[Black "Stukopin,A"]
[Result "1-0"]
[WhiteElo "2642"]
[BlackElo "2586"]

1.d4 Nf6 2.c4 e6 3.Nf3 d5 4.g3 Bb4+ 5.Bd2 Be7 6.Bg2 c6 7.Qc2 Nbd7 8.O-O O-O
9.Rd1 a5 10.Bf4 b5 11.c5 Nh5 12.Bd6 Bxd6 13.cxd6 Nb8 14.Nbd2 Qxd6 15.e4 f5
16.e5 Qe7 17.a4 b4 18.Nb3 Bd7 19.Rac1 Rc8 20.Qc5 Qxc5 21.Rxc5 Rc7 22.Rxa5 Rxa5
23.Nxa5 Ra7 24.Nb3 Rxa4 25.Nc5 Ra2 26.Ng5 g6 27.Ngxe6 Bxe6 28.Nxe6 Ng7 29.Nd8
Kf8 30.Nxc6 Nxc6 31.Bxd5 Ra6 32.f4 g5 33.Bc4 Rb6 34.d5 gxf4 35.gxf4 Na5 36.Be2
Nb3 37.Bc4 Na5 38.Be2 Nb3 39.h3 Ke8 40.Kh2 Kd8 41.h4 Rg6 42.Kh3 h5 43.Kh2 Rg4
44.Bxg4 fxg4 45.Rd3 Nc5 46.Rd4 g3+ 47.Kg2 Nf5 48.Rxb4 Nd3 49.Re4 Nxb2 50.d6
Kd7 51.e6+ Kxd6 52.e7 Nxe7 53.Rb4 Nd5 54.Rxb2 Nxf4+ 55.Kxg3 Ke5 56.Kf3 Nd5
57.Rg2 Nf6 58.Rg5+ Ke6 59.Ra5 {#r} 1-0